000 00517nam a2200181Ia 4500
003 GCL
008 140319s9999 xx 000 0 ara d
040 _aGCL /
_cGCL
082 0 4 _a817.008
_bح م
100 1 _aحزين عمر
245 1 0 _aمع الضاحكين /
_cحزين عمر
300 _a316 ص
490 _aالهيئة العامة للاستعلامات
_v0
650 0 4 _aالادب العربى
650 0 4 _aالاهاجى والفكاهات
650 0 4 _aالكاريكاتير
942 _2ddc
_cBK
999 _c48709
_d48709